000 00828nam a22002657a 4500
001 BR9904551
003 BR-BrBNA
005 20230928100502.0
007 ta
008 230509b bl.||||| |||| 00| 0 por d
040 _aBR-BrBNA
_bpor
_cBiblioteca Nacional de Agricultura
041 _a(Por)
072 _aQ03
_b9702
090 _ 9702 BR9904551
110 1 _aSecretaria Nacional de Defesa Agropecuaria, Brasilia, DF (Brasil)
_99180
245 1 _aAnalise e apreciacao do relatorio da missao sanitaria da comunidade economica europeia de inspecao aos estabelecimentos de carnes brasileiros
260 3 _aBrasilia, DF (Brasil):
_c1981.
300 _a45 p.
650 _aBovino
650 _aCarne
650 _aInspecao Sanitaria
650 _aNutricao Humana
909 _a202309
_bLucia
_c55
_dLucia Elande
942 _cBK
999 _c61507
_d61507